A Handbook for Company Directors in Pakistan (Record no. 33808)
[ view plain ]
| 000 -LEADER | |
|---|---|
| fixed length control field | 00452nam a22001697a 4500 |
| 005 - DATE AND TIME OF LATEST TRANSACTION | |
| control field | 20231009123821.0 |
| 008 - FIXED-LENGTH DATA ELEMENTS--GENERAL INFORMATION | |
| fixed length control field | 231009b |||||||| |||| 00| 0 eng d |
| 082 ## - DEWEY DECIMAL CLASSIFICATION NUMBER | |
| Classification number | 658.422 |
| Item number | SAF |
| 100 ## - MAIN ENTRY--AUTHOR | |
| Author Name | Safdar A Butt |
| 245 ## - TITLE STATEMENT | |
| Title | A Handbook for Company Directors in Pakistan |
| 260 ## - PUBLICATION, DISTRIBUTION, ETC. | |
| Place of Publication | Pakistan |
| Name of publisher, distributor, etc. | Hi Tech Lubricants Ltd |
| Date of publication, distribution, etc. | 2017 |
| 300 ## - PHYSICAL DESCRIPTION | |
| Pages | 325 |
| 500 ## - GENERAL NOTE | |
| General note | Appendix Given<br/> |
| 650 ## - SUBJECT ADDED ENTRY--TOPICAL TERM | |
| Subject / Department | Reference/Management |
| 700 ## - ADDED ENTRY--PERSONAL NAME | |
| Personal name | Safdar A Butt |
| 952 ## - LOCATION AND ITEM INFORMATION (KOHA) | |
| -- | 0 |
| -- | 0 |
| Lost status | Damaged status | Collection code | Permanent Location | Current Location | Shelving Location | Date acquired | Full Call Number | Accession No./Barcode | Date last seen | item type |
|---|---|---|---|---|---|---|---|---|---|---|
| Management | Superior Information Resource Center (SIRC) Superior University- Central Library | Superior Information Resource Center (SIRC) Superior University- Central Library | Reference | 10/09/2023 | 658.422 SAF-H 2017 | 20713 | 10/09/2023 | BOOK |
